Stratégia únie pri podpore z eurofondov
Základným dokumentom EÚ, ktorý má v nasledujúcom období od roku 2007 do 2013 definovať rámec podpory z eurofondov, sú Strategické pokyny Spoločenstva o ekonomickej, sociálnej a teritoriálnej kohézii. Príprava spoločnej pozície k návrhu strategických pokynov krajín V-4. Vízia a ciele hospodárskeho a...
Enregistré dans:
| Auteur principal: | |
|---|---|
| Autres auteurs: | |
| Format: | Chapitre de livre |
| Langue: | slovaque |
| Sujets: | |
| Tags: |
Pas de tags, Soyez le premier à ajouter un tag!
|
MARC
| LEADER | 00000naa$a2200000$$$4500 | ||
|---|---|---|---|
| 001 | 0031593 | ||
| 005 | 20231004130241.2 | ||
| 041 | 0 | |a slo | |
| 044 | |a SK | ||
| 245 | 1 | 0 | |a Stratégia únie pri podpore z eurofondov |c Zuzana Kollárová, Ľubica Sabadošová |
| 520 | |a Základným dokumentom EÚ, ktorý má v nasledujúcom období od roku 2007 do 2013 definovať rámec podpory z eurofondov, sú Strategické pokyny Spoločenstva o ekonomickej, sociálnej a teritoriálnej kohézii. Príprava spoločnej pozície k návrhu strategických pokynov krajín V-4. Vízia a ciele hospodárskeho a sociálneho rozvoja SR do roku 2015. Návrh troch priorít v programovacom období 2007-2013. Pravidlá prideľovania zdrojov z EÚ - rozhovor s Ľ. Sabadošovou kordinátorkou prípravy Národného strategického referenčného rámca. | ||
| 610 | 2 | 0 | |a programy |
| 610 | 2 | 0 | |a rozvoj hospodársky |
| 610 | 2 | 0 | |a rozvoj sociálno-ekonomický |
| 610 | 2 | 0 | |a politika hospodárska medzinárodná |
| 610 | 2 | 0 | |a Európska únia |
| 610 | 2 | 0 | |a stratégia hospodárska |
| 610 | 2 | 0 | |a podpory |
| 610 | 2 | 0 | |a fondy štruktúrne |
| 610 | 2 | 0 | |a fondy účelové |
| 610 | 2 | 0 | |a dokumenty |
| 610 | 2 | 0 | |a plán strategický |
| 610 | 2 | 0 | |a 2007-2013 |
| 100 | 1 | |a Kollárová, Zuzana | |
| 700 | 1 | |a Sabadošová, Ľubica, 1976- | |